Estatísticas para Voos Internacionais do Nordeste do Brasil

Clique aqui para jogar o quiz

Estatísticas Gerais

  • Esse quiz foi jogado 103 vezes
    (22 desde o último reset)
  • A pontuação média é 11 de 17

Estatísticas das Respostas

Cia aéreaCidade de origemCidade no exterior% Correto
GOLFortaleza, Recife, SalvadorBuenos Aires-Aeroparque
100%
Aerolineas ArgentinasSalvadorBuenos Aires-Ezeiza
100%
GOLFortaleza, João Pessoa, Maceió, Natal, Porto Seguro, Recife, SalvadorBuenos Aires-Ezeiza
100%
TAP Air PortugalFortaleza, Maceió, Natal, Recife, SalvadorLisboa
95%
LATAMFortalezaMiami
90%
GOLFortalezaMiami
90%
Air EuropaSalvadorMadri
85%
Air FranceFortalezaParis-Charles de Gaulle
80%
Sky AirlineSalvadorSantiago
75%
AzulRecifeOrlando
65%
AzulRecifeMontevidéu
55%
GOLSalvadorMontevidéu
55%
Sky AirlineSalvadorMontevidéu
55%
Cabo Verde AirlinesRecifeSal
30%
AzulRecifeFort Lauderdale
15%
Aerolineas ArgentinasPorto SeguroBuenos Aires-Aeroparque
10%
LOT AirlinesSalvadorVarsóvia-Chopin
10%

Distribuição das Pontuações

Percentil de Números Respondidos

Porcentagem de Pessoas com Cada Pontuação

Sua Pontuação Histórica

Você não jogou esse quiz desde o último reset